00442nam a2200181Ia 4500003000400000005001700004008004100021020001500062040000700077041000800084082001500092100002300107245003500130260004800165300001500213365001400228650001800242OSt20230504093711.0210423s2004 xx 000 0 und d a8123910975 cAL aeng a660.6 VEEC aVEERESHAM (Ciddi). aMedicinal plant biotechnology. aNew DelhibCambridge University Pressc2004 aix,506bPB b1595cINR aBiotechnology